Tout les semi-Légendaires dans pokémon - Statistiques

Statistiques générales
  • Ce quiz a été pris 147 fois
  • Le résultat moyen est 15 sur 21
Statistiques - réponses
Type 1 Type 2 Région Pokémon % Correct
Dragon Vol Kanto Dracolosse
99%
Roche Ténèbres Johto Tyranocif
91%
Dragon Sol Sinnoh Carchacrok
89%
Acier Psy Hoenn Metalosse
85%
Dragon Vol Hoenn Drattak
84%
Combat Acier Sinnoh Lucario
79%
Dragon Sol Hoenn Libegon
76%
Insecte Feu Unys Pyrax
76%
Dragon Ténèbres Unys Trioxhydre
75%
Dragon Kalos Muplodocus
72%
Dragon Combat Alola Ekaïser
71%
Dragon Unys Tranchodon
70%
Dragon Spectre Galar Lanssorien
69%
Spectre Ténèbres Sinnoh Spiritomb
69%
Roche Acier Hoenn Galeking
68%
Dragon Vol Kalos Bruyverne
60%
Dragon Glace Paldea Glaivodo
55%
Dragon Acier Galar Duralugon
52%
Acier Spectre Paldea Gromago
41%
Dragon Acier Hisui Muplodocus de Hisui
41%
Dragon Eau Paldea Nigirigon
36%
Aucun quiz correspondant
Distribution des résultats
% des personnes avec chaque résultat
Percentile par nombre de réponses
Votre historique - résultats
Vous n’avez pas pris ce quiz